000 00514nam a22001937a 4500
003 MPLRDC
005 20220104190959.0
008 210129b ||||| |||| 00| 0 eng d
020 _a978-967-0370-39-2
082 _a859.6 DXY v.10
100 _a邓秀茵
245 _aA座8楼
_c
250 _a一版一刷
260 _a马来西亚
_b红蜻蜓出版有限公司 ODONATA PUBLISHING SDN BHD
_c2011
300 _b
490 _a邓秀茵作品: 10
650 _a儿童文学
942 _cBK
_o859.6 DXY v.10
999 _c64038
_d64028